000 00324nam a2200133Ia 4500
005 20251222142014.0
008 251222s9999||||xx |||||||||||||| ||spa||
020 _a9972-34-054-6
082 _a869.56/C78P
100 _aCorcuera Osores, Arturo
245 0 _aEl Bazar de los Letreros:
264 _bSan Marcos
942 _cLIB
999 _c10412
_d10412